| 000 | 01600nam a2200349Ia 4500 | ||
|---|---|---|---|
| 001 | dia_2011 | ||
| 003 | CHAP | ||
| 005 | 20251027152954.0 | ||
| 008 | 220117s1972 xx 000 0 und d | ||
| 010 | _a172549 | ||
| 040 | _cCHAP | ||
| 082 | _a380.1410981 C87 1972 | ||
| 111 |
_aCurso Nacional de Elaboração e Avaliação de Projetos (2° : 1972 mar. 20-jun. 24 : Belém, Pará, Brasil) _9152055 |
||
| 245 |
_aProjeto Palmitos do Açai LTDA / _c dirección José Sérgio Chao ; colaboración Ana Catharina Azevedo Costa...[et al.] ; organizado por el Governo do Estado do Pará y el Instituto do Desenvolvimiento Económico Social do Pará del 20 de marzo al 24 de junio de 1972 en Belém, Pará, Brasil |
||
| 260 |
_aBrasil : _b CETREDE, _c1972 |
||
| 300 | _a267 h. | ||
| 503 | _aD. | ||
| 504 | _aBibliografía: h. [268-269] | ||
| 590 | _aHD9000.4 C87 1972 | ||
| 650 |
_aAgricultural industry _xEconomical aspects _xBrazil _9152056 |
||
| 650 |
_aAgricultural products _xMarketing _xBrazil _9152057 |
||
| 650 |
_aEuterpe oleracea _9152058 |
||
| 650 |
_aIndustrias agrícolas _xAspectos económicos _xBrasil _9152059 |
||
| 650 |
_aProductos agrícolas _xMercadotecnia _xBrasil _9152060 |
||
| 700 |
_aAzevedo Costa, Ana Catharina, colab. _9152061 |
||
| 700 |
_aChao, José Sérgio, dir. _9152062 |
||
| 711 |
_aCurso Nacional de Elaboração e Avaliação de Projetos (2° : 1972 mar. 20-jun. 24 : Belém, Pará, Brasil) _9152055 |
||
| 901 | _a380.1410981 C87 1972 | ||
| 902 | _aM | ||
| 905 | _a5232271972 bl bimn8226323322por16 | ||
| 942 |
_cLIBRO _2ddc |
||
| 999 |
_c172549 _d172549 |
||